000
00310nam a2200133Ia 4500
008
150301s2012 xx 000 0 und d
082
_a
618.92
_b
C12S
100
_a
JOSHI, NC.
245
_a
CLINICAL PEDIATRICS
260
_b
ELSEVIER
_a
INDIA
_c
2012
300
_a
426
650
_a
PEDIATRICS
942
_2
ddc
_c
BK
_0
1
999
_c
6680
_d
6680